000 00452nam a2200181Ia 4500
001 1401
005 20260306143725.0
008 260306t2010||||xx |||||||||||||| ||spa||
041 _aESP
082 _a150
_bF36 2010
100 _aFeldman, Robert S.
_eAUT
245 0 _aPsicología con aplicaciones en países de habla hispana
260 _c2010
300 _a579 páginas :
_c27 cm.
650 _aGEN
654 _aCPS
942 _cLIB
_dJUS
_fJUS
_2ddc
_n
999 _c1401
_d1401